EXEGESIS IN EPISTOLAM D. PAVLI AD EPHESIOS ECCLESIAE, SANCTORVMQVE PATRVM MENTI, ITA DEFENDENDIS PRAEcipuis fidei dogmatibus accommodata, vtà Roberti Rolloci Scoti, Eidenburgensis Ecclesiae ministri, praua, quam nuper edidit, expositione vindicetur, ad publicam disputationem INGOLSTADII IX. Aprilis, DEO bene iuuante, proposita /

Hlavní autor: Stevartius, Petrus, 1547-1624
Další autoři: Melem, Andreas, činný 1592-1594, Menzel, Philipp, 1546-1613, Fugger, Anton
Jazyk: Latina
Vydáno: INGOLSTADII : Ex Officina Typographica DAVIDIS SARTORII, 1593
Témata:
Externí odkaz: Digitalizovaný dokument (Exemplář z Bavorské státní knihovny)
Fyzický popis: 4 nečíslované strany, 83 stran ; 8°
Knihy
Uloženo v:
LEADER 02779nam a2200529 i 4500
001 mzk03001273983
003 CZ BrMZK
005 20200810114041.0
007 ta
008 200810s1593 gw fr|||||00| ||latod
040 |a BOA001  |b cze  |e rda 
072 7 |a 2-23/-27  |x Bible. Biblistika  |2 Konspekt  |9 5 
072 7 |a 094  |x Staré tisky  |2 Konspekt  |9 12 
080 |a 27-27  |2 MRF 
080 |a 27-254-273  |2 MRF 
080 |a 27-247  |2 MRF 
080 |a 025.171  |2 MRF 
080 |a (0.068)094  |2 MRF 
100 1 |a Stevartius, Petrus,  |d 1547-1624  |7 ola2014824783  |4 aut 
245 1 0 |a EXEGESIS IN EPISTOLAM D. PAVLI AD EPHESIOS ECCLESIAE, SANCTORVMQVE PATRVM MENTI, ITA DEFENDENDIS PRAEcipuis fidei dogmatibus accommodata, vtà Roberti Rolloci Scoti, Eidenburgensis Ecclesiae ministri, praua, quam nuper edidit, expositione vindicetur, ad publicam disputationem INGOLSTADII IX. Aprilis, DEO bene iuuante, proposita /  |c PRAESIDE ET AVCTORE PETRO STEVARTIO LEODIO, SS. LITERARVM IBIDEM PROFESSORE ORDINARIO, MAVRICIANO pastore, & Ser.mi vtriusque Bauariae DVCIS, &c. Consiliario. DEFENDENTE VERò REVERENDO ET DOCTISSIMO DN. M. ANDREA MELEMIO AD S. MAVRICIVM Presbytero, & ACADEMIAE ibidem BIBLIOTHECARIO 
246 3 3 |a EXEGESIS IN EPISTOLAM D. PAVLI AD EPHESIOS ECCLESIAE, SANCTORVMQVE PATRVM MENTI 
246 3 3 |a EXEGESIS IN EPISTOLAM D. PAULI AD EPHESIOS ECCLESIAE, SANCTORUMQUE PATRUM MENTI 
264 1 |a INGOLSTADII :  |b Ex Officina Typographica DAVIDIS SARTORII,  |c 1593 
300 |a 4 nečíslované strany, 83 stran ;  |c 8° 
336 |a text  |b txt  |2 rdacontent 
337 |a bez média  |b n  |2 rdamedia 
338 |a svazek  |b nc  |2 rdacarrier 
500 |a Rozsah: [4], 83 s. 
500 |a Výzdoba: Na titulním listu mezi datací a jménem tiskaře jednoduchá linka, vlysy, iniciály 
501 |a Přívazek 2 k: In Canonicam D. Iacobi Epistolam Brevis Commentarivs ... / Petrus Stevartius 
650 7 |a biblistika  |7 ph118873  |2 czenas 
650 7 |a biblické komentáře  |7 ph684318  |2 czenas 
650 7 |a evangelia  |7 ph886569  |2 czenas 
650 7 |a historické knihovní fondy  |7 ph172933  |2 czenas 
655 7 |a staré tisky  |7 fd422076  |2 czenas 
700 1 |a Melem, Andreas,  |d činný 1592-1594  |7 ola2014846633  |4 aut 
700 1 |a Menzel, Philipp,  |d 1546-1613  |7 ola2014824784  |4 acp 
700 1 |a Fugger, Anton  |4 dte 
856 4 2 |u https://reader.digitale-sammlungen.de//resolve/display/bsb10158408.html  |y Digitalizovaný dokument  |z Exemplář z Bavorské státní knihovny 
903 |a RP 
910 |a NAG950  |b B - II. G. aa. 17,1,přív.2 
978 |b Sartorius, David  |a Ingolstadt  |c 1593 
984 |a Ingolstadt  |b Německo 
985 |a 1551-1600 
990 |a BK 
991 |k broumov 
994 |a UP  |l MZK03  |b 001273980  |m přívazek 2  |n záznam 1. díla (pro objednání pokračujte kliknutím)